LEADER 01342nam--2200385---450- 001 990003364150203316 005 20100125134900.0 010 $a978-88-240-1034-4 035 $a000336415 035 $aUSA01000336415 035 $a(ALEPH)000336415USA01 035 $a000336415 100 $a20100125d2008----km-y0itay50------ba 101 $aita 102 $aIT 105 $aa---||||001yy 200 1 $a<> Pinacoteca provinciale di Bari$ela donazione Grieco$fChristine Farese Sperken$gcon un'introduzione di Pina Belli D'Elia$griedizione a cura di Clara Gelao 210 $aRoma$cIstituto Poligrafico e Zecca dello Stato$d2008 215 $aVII, 93 p.$cill.$d27 cm 300 $aIn testa al front.: Amministrazione provinciale di Bari 606 0 $aPinacoteca provinciale $xCollezione Grieco$xCataloghi$2BNCF 676 $a759.5074057511 700 1$aFARESE SPERKEN,$bChristine$0223794 702 1$aBELLI D'ELIA,$bPina 702 1$aGELAO,$bClara 801 0$aIT$bsalbc$gISBD 912 $a990003364150203316 951 $aXII.2.C. 1854$b215177 L.M.$cXII.2.$d00015603 959 $aBK 969 $aUMA 979 $aGIUSY$b90$c20100125$lUSA01$h1215 979 $aGIUSY$b90$c20100125$lUSA01$h1227 979 $aGIUSY$b90$c20100125$lUSA01$h1349 996 $aPinacoteca provinciale di Bari$9250537 997 $aUNISA LEADER 01312nam--2200421---450- 001 990002796160203316 005 20060803110539.0 010 $a88-85137-28-8 035 $a000279616 035 $aUSA01000279616 035 $a(ALEPH)000279616USA01 035 $a000279616 100 $a20060803d2001----km-y0itay50------ba 101 $aita 102 $aIT 105 $a||||||||001yy 200 1 $aIngegneria del vento$eintroduzione alla progettazione strutturale alla luce della nuova normativa$fa cura di Giuliano Augusti, A. Luigi Materazzi, Vincenzo Sepe 210 $aUdine$cCISM$dc2001 215 $a387 p.$d24 cm. 225 2 $aMonografie CISM 300 $aIn testa al front.: International centre for mechanical sciences 410 0$12001$aMonografie CISM 454 1$12001 461 1$1001-------$12001 606 0 $aStrutture edilizie$xEffetti del vento 676 $a624.175 702 1$aAUGUSTI,$bGiuliano 702 1$aMATERAZZI,$bAnnibale Luigi 702 1$aSEPE,$bVincenzo 712 02$aInternational centre for mechanical sciences 801 0$aIT$bsalbc$gISBD 912 $a990002796160203316 951 $aMA/62$b1841$cMA 959 $aBK 969 $aDIMEC 979 $aDIMEC$b90$c20060803$lUSA01$h1105 996 $aIngegneria del vento$9995943 997 $aUNISA